00779nam a2200169 a 450000100100000000500170001000800410002704000250006808200150009324500610010826000450016930000190021450002370023304900090047095201130047999900170059200003130520200930062834.0110617s2002 dr 000 0 spa d aDO-SdBNPbspacBNPHU axxxxbB66600aBodas de plata sacerdotales de Monseñor Bello Peguero. aSanto Domingo :bAmigo del Hogar,c2002. a71 p ;c24 cm. aFray Vicente Rubio O. P., Mons. Ramón De la Rosa y Carpio, Mons. Antonio Camilo, María Cristina de Farías, Iván García, Arquitecto Eugenio Pérz Montás, Fco. José Arnaiz, S.J., Nicolás de Jesús López Rodríguez aBNPD 0010718PDaPDbPDcCTd2011-06-17iLF1l0oxxxx B666p31305-10r2020-06-25w2020-06-25yLFPDZNo se presta c30797d30797